Bibliography of Russian mathematics books. /
Guardado en:
| Autor Principal: | |
|---|---|
| Formato: | Libro |
| Idioma: | English Russian |
| Publicado: |
New York :
Chelsea Pub. Co.,
1956.
|
| Materias: | |
| Etiquetas: |
Agregar Etiqueta
Sin Etiquetas, Sea el primero en etiquetar este registro!
|
| LEADER | 00855cam a22002171 4500 | ||
|---|---|---|---|
| 001 | MAT.inmabb007083 | ||
| 008 | 741119s1956####nyu######b####000#0#eng## | ||
| 005 | 20180228155836.0 | ||
| 245 | 1 | 0 | |a Bibliography of Russian mathematics books. / |c George E. Forsythe. |
| 260 | |a New York : |b Chelsea Pub. Co., |c 1956. | ||
| 300 | |a 106 p. ; |c 21 cm. | ||
| 500 | |a "The present survey has grown out of a report written in 1952 at the National Bureau of Standards, Los Angeles, but is very much amplified, and revised, in its present form." | ||
| 510 | 4 | |a MR, |c MR0082443 | |
| 100 | 1 | |a Forsythe, George E. |q (George Elmer), |d 1917- | |
| 740 | 0 | |a Russian mathematics books. | |
| 650 | 0 | |a Mathematics |v Bibliography. | |
| 084 | |a 99.0X |a 00A15 |2 msc2000 | ||
| 010 | |a 56011514 | ||
| 040 | |a DLC |c TxLT |d OCoLC |d DLC | ||
| 041 | 1 | |a eng |h rus | |
| 859 | |h 00A15 |i F735 |p A-458 |b BIB. MATEMATICA | ||
